000 00689cam a2200229 4500500
005 20260405004104.0
041 _afre
042 _adc
100 1 0 _aOrtoli, Sven
_eauthor
245 0 0 _aSam le Hobbit, un héros jardinier
260 _c2022.
500 _a89
690 _aHéroïsme
690 _aHéros
690 _aJardin
690 _aNature
690 _aPlante
690 _aSeigneur des Anneaux
690 _aTolkien
786 0 _nPhilosophie magazine - Hors séries | Hors série - Été-Autome 2022 | HS54 | 2022-07-01 | p. 24-24 | 2104-9246
856 4 1 _uhttps://shs.cairn.info/magazine-philosophie-magazine-2022-hs54-page-24?lang=fr&redirect-ssocas=7080
999 _c2073613
_d2073613